000 00779nam a22001937a 4500
999 _c5057
_d5057
005 20251125232759.0
008 s2523 th tha d
040 _aNALT
041 _atha
050 _aJF1358 อ7
245 1 0 _aรัฐประศาสนศาสตร์ : ขอบข่าย สถานภาพและพัฒนาการในประเทศไทย [2nd]
260 3 _aกรุงเทพฯ :
_bสมาคมสังคมศาสตร์แห่งประเทศไทย,
_c2523
300 _a236 หน้า :
_b ตาราง
650 0 4 _aรัฐประศาสนศาสตร์
850 _aNALT
856 4 0 _uhttps://hdl.handle.net/20.500.14156/338271
_71
942 _cGB
_2lcc